Μυστηριακές θρησκείες του αρχαίου κόσμου
Αποθηκεύτηκε σε:
| Κύριος συγγραφέας: | |
|---|---|
| Άλλοι συγγραφείς: | |
| Μορφή: | Βιβλίο |
| Γλώσσα: | Greek English |
| Δημοσίευση: |
Αθήνα :
Καρδαμίτσας,
1996
|
| Έκδοση: | 4η έκδ. |
| Θέματα: | |
| Ετικέτες: |
Προσθήκη ετικέτας
Δεν υπάρχουν, Καταχωρήστε ετικέτα πρώτοι!
|
MARC
| LEADER | 00000nam a2200000 i 4500 | ||
|---|---|---|---|
| 001 | 1/13848 | ||
| 008 | 980327s1996 gre d | ||
| 020 | |a 960-354-025-0 | ||
| 035 | |l 10019195 | ||
| 040 | |a GR-MY-UA |b gre |e aacr | ||
| 041 | 1 | |a gre |h eng | |
| 082 | 0 | |a 291.044 | |
| 100 | 1 | |a Godwin, Joscelyn. | |
| 245 | 1 | 0 | |a Μυστηριακές θρησκείες του αρχαίου κόσμου / |c Joscelyn Godwin ; μετάφραση Παναγιώτη Χιωτέλη |
| 250 | |a 4η έκδ. | ||
| 260 | |a Αθήνα : |b Καρδαμίτσας, |c 1996 | ||
| 300 | |a 178 σ. |b εικ. | ||
| 650 | 0 | 0 | |a Mysteries, Religious. |
| 650 | 0 | 0 | |a Religions. |
| 700 | 1 | |a Χιωτέλης, Παναγιώτης. |4 trl | |
| 852 | |a INST |b LESVOS |e 19980327 |h 291.044 GOD |p 005100014744 |q 005100014744 |t BK |y 0 | ||
| 901 | |a BIBL-1998-2 | ||
| 909 | |a Λ |b 054040 | ||
| 922 | |a 1ΕΛΗ |b 199802 |c ΚΠΣ/ΤΚΑ |d EMVASIS | ||
| 950 | |a 117-1998-01-28 | ||